LEADER 01669nam0 2200373 i 450 001 CFI0780039 005 20251003044145.0 010 $a9788817050050 020 $aIT$b2011-7618 100 $a20241120d2011 ||||0itac50 ba 101 | $aita 102 $ait 181 1$6z01$ai $bxxxe 182 1$6z01$an 183 1$6z01$anc$2RDAcarrier 200 1 $aˆLa ‰carità che uccide$ecome gli aiuti dell'Occidente stanno devastando il Terzo mondo$fDambisa Moyo 210 $a[Milano]$cBUR Rizzoli$d2011 215 $a260 p.$d 20 cm 225 | $aBUR Rizzoli$i. Saggi 300 $aTraduzione di Lorenza Lanza, Patrizia Vicentini 410 0$1001CFI0738566$12001 $aBUR Rizzoli$i. Saggi 500 10$aDead aid.$3TO01765189$9UBOV326325$913613 606 $aAssistenza economica$xAfrica$x1970-2007$2FIR$3CFIC190497$9N 676 $a338.91091724$9ASSISTENZA ECONOMICA INTERNAZIONALE a regioni a basso livello economico$v21 676 $a338.91096$9Sviluppo e crescita internazionale. Africa$v22 700 1$aMoyo$b, Dambisa$3UBOV326325$4070$0437497 801 3$aIT$bIT-000000$c20241120 850 $aIT-BN0095 901 $bNAP 01$cPOZZO LIB.$nVi sono collocati fondi di economia, periodici di ingegneria e scienze, periodici di economia e statistica e altri fondi comprendenti documenti di economia pervenuti in dono. 912 $aCFI0780039 950 0$aBiblioteca Centralizzata di Ateneo$c1 v.$d 01POZZO LIB.ECON MON 2888$e 0101 0010031455E VMA 1 v. precedente collocazione DP (AZ) 03 145$fB $h20131108$i20131108 977 $a 01 996 $aDead aid$913613 997 $aUNISANNIO